000 00674cam a2200229 i 4500
001 1827481
005 20180313050353.0
008 801126s1981 nyu b 001 0 eng
010 _a 80027799
020 _a0804692831 :
_c$17.50
040 _aDLC
_cDLC
_dDLC
041 _aeng
043 _an-us---
080 _a320.973
082 0 0 _a320.973 DOW
_219
100 _a20
101 _aSHP
245 0 4 _aThe American founding :
_cedited by Ralph A. Rossum and Gary L. McDowell.
504 _aIncludes bibliographical references and index.
906 _a7
_bcbc
_corignew
_du
_eocip
_f19
_gy-gencatlg
942 _2ddc
_cBK
999 _c44834
_d44834